|
|
|
|
| LEADER |
00000nam a2200000Ii 4500 |
| 001 |
DIGUCANT0052 |
| 003 |
NyNyDIG |
| 007 |
cr ||||||||||| |
| 008 |
220525s2018 sp a ob 000 0 spa d |
| 006 |
m o d |
| 035 |
|
|
|a (OCoLC)1334421133
|
| 040 |
|
|
|a DGITA
|b eng
|e rda
|e pn
|c DGITA
|
| 020 |
|
|
|a 9788490443132
|q eBook
|q pdf
|q UCLM
|
| 020 |
|
|
|a 9788481028591
|q eBook
|q pdf
|q EUC
|
| 020 |
|
|
|z 9788490443125
|q UCLM
|
| 020 |
|
|
|z 9788481028584
|q EUC
|
| 050 |
1 |
4 |
|a HF5811 ebook
|
| 100 |
1 |
|
|a Laguna Platero, Antonio,
|e author.
|
| 245 |
1 |
0 |
|a Salud, sexo y electricidad :
|b los inicios de la publicidad de masas /
|c Antonio Laguna Platero.
|
| 264 |
|
1 |
|a Cuenca :
|b Ediciones de la Universidad de Castilla-La Mancha ;
|a [Santander] :
|b Ediciones Universidad Cantabria,
|c 2018.
|
| 300 |
|
|
|a 1 online resource :
|b illustrations.
|
| 336 |
|
|
|a text
|b txt
|2 rdacontent
|
| 337 |
|
|
|a computer
|b c
|2 rdamedia
|
| 338 |
|
|
|a online resource
|b cr
|2 rdacarrier
|
| 347 |
|
|
|a text file
|2 rdaft
|
| 347 |
|
|
|b PDF
|
| 490 |
1 |
|
|a Colección Enclaves culturales ;
|v no. 2
|
| 504 |
|
|
|a Includes bibliographical references.
|
| 588 |
0 |
|
|a Online resource; title from PDF title page (Digitalia, viewed May 25, 2022)
|
| 650 |
|
0 |
|a Advertising
|x History.
|
| 655 |
|
0 |
|a Electronic books.
|
| 791 |
2 |
|
|a Digitalia (Firm),
|e distributor.
|
| 793 |
0 |
|
|g Digitalia eBook Collection:
|a Ediciones Universidad Cantabria
|
| 776 |
0 |
8 |
|i Print version:
|a Laguna Platero, Antonio.
|t Salud, sexo y electricidad.
|b 1a. edición.
|d Cuenca : Ediciones de la Universidad de Castilla-La Mancha ; [Santander] : Ediciones Universidad Cantabria, 2018
|z 9788490443125
|
| 830 |
|
0 |
|a Colección Enclaves culturales ;
|v no. 2.
|
| 856 |
4 |
0 |
|3 Digitalia Hispánica
|u https://www.digitaliapublishing.com/a/56303/
|
| 910 |
|
|
|a Premium collection: 2022
|